000 00862nam a2200193 i 4500
001 162230
003 ES-MaACL
005 20230906212446.0
008 990713s1879 sp |||| | spa d
040 _aCCPB | B
_bspa
_cCCPB | B
100 1 _aPlá y Rave, Eugenio.
_9131225
245 1 0 _aMarcos de maderas para la construcción civil y naval, con el precio que tienen éstas y otros productos forestales en las provincias de España /
_cpor Eugenio Plá y Rave.
250 _a2ª ed.
260 _aMadrid :
_bEstablecimiento tipográfico de M. de los Ríos,
_c1879.
300 _a166 p. ;
_c23 cm.
650 4 _aMadera-
_xClasificación.
_9159818
650 4 _aMadera-
_xPrecios-
_zEspaña.
_9159819
852 _aES-MaACL
_jT-334-F-2
_z-- Enc. hol.
_z-- Ded. ms. del autor a la Biblioteca del Ateneo
_q-- Falto de la cub. original
_z-- Enc. en un vol. facticio
999 _c162230
_d162230